000 00414nam a2200181Ia 4500
001 24095
005 20260414151020.0
008 260414t2011||||xx |||||||||||||| ||spa||
041 _aESP
082 _a780.7
_bS21
100 _aSanuy, Montse
_eAUT
245 0 _aLa aventura de cantar
_b
260 _c2011
300 _a271 páginas :
_c24 cm.
650 _aABD
654 _aCAU
942 _cLIB
_dJUS
_fJUS
_2ddc
_n
999 _c24095
_d24095